Symmetry, representations, and invariants /
Guardado en:
| Autor Principal: | |
|---|---|
| Otros Autores: | |
| Formato: | Libro |
| Idioma: | English |
| Publicado: |
Dordrecht [Netherlands] ; New York :
Springer,
c2009.
|
| Series: | Graduate texts in mathematics ;
255 |
| Materias: | |
| Etiquetas: |
Agregar Etiqueta
Sin Etiquetas, Sea el primero en etiquetar este registro!
|
| LEADER | 01582cam a22003977a 4500 | ||
|---|---|---|---|
| 001 | MAT.inmabb007184 | ||
| 008 | 090417s2009####ne#a#####b####001#0#eng#d | ||
| 005 | 20191121122650.0 | ||
| 245 | 1 | 0 | |a Symmetry, representations, and invariants / |c Roe Goodman, Nolan R. Wallach. |
| 260 | |a Dordrecht [Netherlands] ; |a New York : |b Springer, |c c2009. | ||
| 300 | |a xx, 716 p. : |b il. ; |c 24 cm. | ||
| 490 | 0 | |a Graduate texts in mathematics ; |v 255 | |
| 500 | |a "Symmetry, in the title of this book, should be understood as the geometry of Lie (and algebraic) group actions"--P. xv. | ||
| 500 | |a "Based on 'Representations and invariants of the classical groups', Roe Goodman and Nolan R. Wallach, Cambridge University Press, 1998, third corrected printing 2003"--P. [iv]. | ||
| 504 | |a Incluye referencias bibliográficas (p. 697-703) e índices. | ||
| 510 | 4 | |a MR, |c *REVIEW #* | |
| 020 | |a 9780387798516 (acid-free paper) | ||
| 020 | |z 9780387798523 (e-ISBN) | ||
| 100 | 1 | |a Goodman, Roe. | |
| 700 | 1 | |a Wallach, Nolan R. | |
| 084 | |a 510 |2 sdnb | ||
| 084 | |a SI 990 |2 rvk | ||
| 084 | |a SK 260 |2 rvk | ||
| 650 | 0 | |a Representations of groups. | |
| 650 | 0 | |a Invariants. | |
| 650 | 0 | |a Symmetry (Mathematics) | |
| 650 | 0 | |a Lie groups. | |
| 650 | 0 | |a Algebra. | |
| 650 | 0 | 7 | |a Darstellungstheorie. |2 swd |
| 650 | 0 | 7 | |a Invariante. |2 swd |
| 650 | 0 | 7 | |a Lineare algebraische Gruppe. |2 swd |
| 084 | |a *CODIGO* |2 MR | ||
| 010 | |a 2009927015 | ||
| 028 | 5 | 2 | |a 12163243 |
| 040 | |a YDXCP |b eng |c YDXCP |d BTCTA |d INT |d UMS |d OHX |d CDX |d SYB |d IQU |d UBF |d GBVCP |d DEBBG |d OCL |d DLC | ||
| 859 | |p A-9290 |b BIB. MATEMATICA | ||
